| 000 | 00912cac a22002775a 4500 | ||
|---|---|---|---|
| 008 | 150813t2005 mauad||f |||| 001 0 eng d | ||
| 010 | _a 2004003715 | ||
| 020 | _a0763707988 (pbk.) | ||
| 020 | _a9780763707989 | ||
| 040 |
_aEG-ScBUE _beng _cEG-ScBUE |
||
| 082 | 0 | 4 |
_a005.133 _bDAL _222 |
| 100 | 1 | _aDale, Nell B. | |
| 245 | 1 | 0 |
_aProgramming and problem solving with C++ / _cNell Dale, Chip Weems. |
| 250 | _a4th ed. | ||
| 260 |
_aBoston : _bJones and Bartlett Publishers, _cc 2005. |
||
| 300 |
_axxix, 1119 : _bill,col ; _c24 cm. |
||
| 500 | _aindex 1088-1119. | ||
| 590 | _aMustafa Galal. | ||
| 650 | 0 |
_aC++ (Computer program language) _2BUEsh |
|
| 651 | _2BUEsh | ||
| 653 |
_bCOMSCI _cAugust2015 |
||
| 655 |
_vtext book _933728 |
||
| 700 | 1 |
_aWeems, Chip. _913146 |
|
| 856 | 4 | 1 |
_3Table of contents _uhttp://www.loc.gov/catdir/toc/ecip0415/2004003715.html |
| 942 |
_cTB _k005.133D1391 _2ddc |
||
| 999 |
_c143 _d143 |
||